00317nam a2200121Ia 4500008004100000041000800041082001300049245002700062260006600089300001200155365000700167650002100174210719s1996 xx 000 0 und d aeng a973 INDI aIndians of the plains. aNew York.bPerennial Library, Harper & Row Publishers.,c1996 a128bPB cRs aAmerican History